00254pab a2200097 454500008003600000100002200036245003100058362001900089650003600108773001200144180718b xxu||||| |||| 00| 0 eng d aKrishnamoorthy B. aSaving Delhi from collapse a12 Jul.93, p.4 aCity Planning -- India -- Delhi aPatriot